000 00458nam a22001817a 4500
005 20180726125919.0
008 160514b xxu||||| |||| 00| 0 eng d
020 _a9788125916093
041 _aeng
082 _b2360
_a658.3
100 _aCHANDAN, D.B.AND JIT.S
_94631
245 _aOrganizational Behavior
250 _a3rd ed
260 _aNew Delhi
_bVikas Publishing House (P) Ltd.
_c2009
300 _a432p,
650 _aManagement
_9241
942 _cBK
999 _c849
_d849